000 00875cam a22002893a 4500
001 26589
003 PGUSA
005 20140828083556.0
008 080901s2008||||xxu|||||s|||||000 1 eng d
040 _aPGUSA
_beng
042 _adc
050 4 _aPR
050 4 _aPZ
100 1 _aNesbit, E.
_q(Edith),
_d1858-1924
245 1 4 _aThe Story of the Treasure Seekers
_h[electronic resource] /
_cE. Nesbit
260 _bProject Gutenberg,
_c2008
506 _aPublic domain in the USA.
516 _aElectronic text
653 _aBrothers and sisters -- Fiction
653 _aImagination -- Fiction
653 _aGreat Britain -- History -- 19th century -- Fiction
653 _aMoneymaking projects -- Fiction
653 _aFamily life -- England -- Fiction
830 0 _aProject Gutenberg
_v26589
856 4 0 _uhttp://www.gutenberg.org/ebooks/26589
942 _cEB
999 _c255844
_d255844